MARC

LEADER 00000nam0a2200000 4500
001 307067
005 20231102001945.0
035 |a (RuTPU)RU\TPU\book\332360 
035 |a RU\TPU\book\332358 
090 |a 307067 
100 |a 20151015d1983 km y0engy50 ba 
101 0 |a eng 
102 |a DE 
105 |a a z 101zy 
200 1 |a Photon correlation techniques in fluid mechanics  |f Proceedings of the 5th International Conference at Kiel-Damp, Fed. Rep. of Cermany, May 23-26,1982  |f под ред. E. O. Schulz-DuBois 
210 |a Berlin  |c Springer-Verlag  |d 1983 
215 |a 399 p.  |c il. 
225 1 |a Springer series in Optical Sciences  |v V. 38 
320 |a Index Contributors: p 399. 
320 |a bibliography at the end of reports 
606 1 |a Механика жидкости и газа  |2 stltpush  |3 (RuTPU)RU\TPU\subj\72052  |9 85655 
610 1 |a фотонная корреляционная 
610 1 |a методы 
610 1 |a интерферометрия 
610 1 |a доплеровская анемометрия 
610 1 |a турбулентность 
610 1 |a лазеры 
610 1 |a измерения 
610 1 |a статистика 
610 1 |a жидкости 
610 1 |a корреляторы 
610 1 |a фотоны 
610 1 |a фотонная корреляционная спектроскопия 
610 1 |a частицы 
610 1 |a динамика 
610 1 |a полидисперсные частицы 
610 1 |a анализы 
610 1 |a исследования 
610 1 |a экспоненциальные кривые 
610 1 |a броуновские частицы 
610 1 |a коллоидные системы 
610 1 |a фибрин 
610 1 |a полимеризация 
610 1 |a рассеяние света 
610 1 |a английский язык 
610 1 |a конференции 
675 |a 532(063)  |v 4 
702 1 |a Schulz-DuBois  |b E. O.  |4 340 
712 1 2 |a Photon correlation techniques in fluid mechanics  |c Conference  |d 5  |e Germany  |f 1982  |4 570 
801 1 |a RU  |b 63413507  |c 20151015 
801 2 |a RU  |b 63413507  |c 20190916  |g RCR 
942 |c BK